Geographie nach Buchstaben - H - Statistiken

Allgemein
  • Dieses Quiz wurde 373 mal gespielt
  • Das Durchschnittsergebnis liegt bei 14 aus 22
Antwortstatistiken
Hinweis Antwort % Korrekt
Hauptstadt von Finnland Helsinki
100%
Eine Freie und Hansestadt Hamburg
97%
Hauptstadt von Kuba Havanna
91%
Tibetisches Gebirge Himalaya
90%
Japanische Stadt von einer Atombombe getroffen Hiroshima
85%
Londons Hauptflughafen Heathrow
83%
Meistverkaufte niederländische Biermarke Heineken
81%
Stadt mit den meisten Wolkenkratzern Hongkong
76%
Standort der Missionskontrolle der NASA Houston
75%
Asiatische Sprache, die von 322 Millionen Menschen gesprochen wird Hindi
73%
Islamisches Äquivalent zu Koscher Halal
67%
Diese Istanbuler Moschee war früher eine Kathedrale, dann ein Museum Hagia Sophia
65%
Schottisches Gericht, eingeschlossen in einem Schafsmagen Haggis
58%
Einer der Großen Seen Nordamerikas Huronsee
52%
Islamische Pilgerreise nach Mekka Haddsch
51%
Karibische Insel, die von zwei Ländern geteilt wird Hispaniola
51%
Römische Mauer nahe der schottisch-englischen Grenze Hadrianswall
49%
Insel Osaka und Kobe Honshu
45%
Ruandas größte ethnische Gruppe Hutu
34%
Großes lateinamerikanisches Hirtengut Hazienda
30%
Chinas größte Insel Hainan
24%
Früher Kothbachspitze genannt, Deutschlands zweithöchster Berg, 2744 m ü. NHN Hochwanner
2%
Keine übereinstimmenden Quizze gefunden
Verteilung der Resultate
Anzahl Personen mit jedem Resultat
Perzentil nach korrekt beantworteten Fragen
Ihre Resultats-Entwicklung
Sie haben dieses Quiz noch nicht gespielt